| 000 | 00378cam a2200157ua 4500 | ||
|---|---|---|---|
| 041 |
_amal _h |
||
| 082 |
_a894.812308 _bJOS/MA |
||
| 100 | _aJoseph , C A . | ||
| 245 |
_aMandarathinte Katha / _cC A Joseph. _hTextual Documents |
||
| 250 |
_a1 / _b. |
||
| 260 |
_aThrissur : _bCurrent Books , _c1966. |
||
| 300 | _a103 ; . | ||
| 504 | _a | ||
| 942 | _cBK | ||
| 999 |
_c3912 _d3912 |
||